Bài tập Toán 9
Sách gồm các dạng bài tập về căn bậc hai, bậc ba và hàm số bậc nhất trong đại số; hệ thức lượng giác trong tam giác vuông và đường tròn trong phần hình học nhằm giúp các em nâng cao kiến thức toán học để chuẩn bị vào lớp10....
Shranjeno v:
| Glavni avtor: | |
|---|---|
| Format: | Knjiga |
| Jezik: | Undetermined |
| Izdano: |
Hà Nội
Giáo dục
2010
|
| Teme: | |
| Oznake: |
Označite
Brez oznak, prvi označite!
|
| Thư viện lưu trữ: | Trung tâm Học liệu Trường Đại học Cần Thơ |
|---|
| LEADER | 00974nam a2200217Ia 4500 | ||
|---|---|---|---|
| 001 | CTU_158170 | ||
| 008 | 210402s9999 xx 000 0 und d | ||
| 020 | |c 13900 | ||
| 082 | |a 510.712 | ||
| 082 | |b Th121/T.1/L.9 | ||
| 100 | |a Tôn, Thân | ||
| 245 | 0 | |a Bài tập Toán 9 | |
| 245 | 0 | |c Tôn Thân (chủ biên) | |
| 260 | |a Hà Nội | ||
| 260 | |b Giáo dục | ||
| 260 | |c 2010 | ||
| 520 | |a Sách gồm các dạng bài tập về căn bậc hai, bậc ba và hàm số bậc nhất trong đại số; hệ thức lượng giác trong tam giác vuông và đường tròn trong phần hình học nhằm giúp các em nâng cao kiến thức toán học để chuẩn bị vào lớp10. | ||
| 650 | |a Mathematics | ||
| 650 | |x Study and teaching (Secondary) | ||
| 904 | |i Phan Thị Kim Lan (Đào Thị Bé Ba) (Bạch Trúc) | ||
| 980 | |a Trung tâm Học liệu Trường Đại học Cần Thơ | ||